000 01244cam a22003497a 4500
003 CHAP
005 20220329135435.0
008 971013d1987 mx a r 00110 spa d
010 _a36506
011 _a37478
035 _a41598
040 _cCHAP
090 _aFolleto 3431y
100 0 0 _aOrtega C., Alejandro.
_983770
245 1 0 _aInsectos nocivos del maíz
_b: una guía para su identificación en el campo
_cAlejandro Ortega C.
260 _aMéxico, D. F. :
_bCentro Internacional de Mejoramiento de Maíz y Trigo,
_c1987.
300 _a106 p.
_b: ilus.
500 _ac.4 en bodega
590 _aBATCH-UPD
_b10
_c20130110
_lUCH01
_h1727
590 _aBATCH-UPD
_b10
_c20130410
_lUCH01
_h1109
590 _aBATCH-UPD
_b10
_c20130914
_lUCH01
_h1646
590 _aCONVERSION
_b10
_c20130109
_lUCH01
_h1320
650 1 4 _aInsectos
_xIdentificación.
_958929
650 1 4 _aMaíz
_xPlagas.
_971034
901 _aBK
905 _aAlejandra Carrasco M.
942 _cFOLL
949 _aFolleto 3431y
_bBC
_cFOLL
_d33724002176298
_eTS2
_fc.4
_i41598
_sb
949 _aFolleto 3431y
_bBC
_cFOLL
_d415981
_eTS1
_i41598
_mD
_sb
949 _aFolleto 3431y
_bBC
_cFOLL
_d415982
_eTS2
_fc.2
_i41598
_sb
949 _aFolleto 3431y
_bBC
_cFOLL
_d415983
_eTS2
_fc.3
_i41598
_sb
999 _c36506
_d36506